00474 2200205 4500001002100000008004100021035002000062245003800082100001600120250000600136260003200142300001100174084001400185082000800199650001300207990001200220990001200232990001200244990001200256INLIS000000000000651 ind  a0010-0424000627 aRahasia Dibalik MobilcMike Flynn aFlynn, Mike a1 aBandung :bPakar Rayac2007 a31 hlm a600 MIK r a600 aNonfiksi a0721658 a0721659 a0721660 a0721661